000 00460nam a22001577a 4500
008 230214b |||||||| |||| 00| 0 eng d
020 _a978-81-939446-3-9
082 _23rd ed
_a610.73 GUL
100 _aKrishna Kumari Gulani
245 _aCommunity Health Nursing
_bPrinciples and Practices
_cK.K. Gulani
250 _a3rd ed
260 _aDelhi, India ;
_bKumar Publishing House,
_c2021
300 _a781 p.
_c27.8cm
942 _2ddc
999 _c9286
_d9287